书目信息 |
| 题名: |
书法论丛
|
|
| 作者: | 沈尹默 著 | |
| 分册: | ||
| 出版信息: | 上海 上海教育出版社 1984 |
|
| 页数: | 102页 | |
| 开本: | 19cm | |
| 丛书名: | ||
| 单 册: | ||
| 中图分类: | J292.1-53 | |
| 科图分类: | ||
| 主题词: | 书法--理论--中国--文集 | |
| 电子资源: | ||
| ISBN: | ||
| 000 | 00595nam0 2200229 45 | |
| 001 | 0184007059 | |
| 005 | 20060913170946.40 | |
| 010 | @dCNY0.66 | |
| 091 | @aCN@b7150.1782 | |
| 100 | @a19960215d1984 em y0chiy0121 ea | |
| 101 | 0 | @achi |
| 102 | @aCN@b310000 | |
| 105 | @af z 000yy | |
| 200 | 10 | @a书法论丛@Ashu fa lun cong@f沈尹默著 |
| 205 | @a2版 | |
| 210 | @a上海@c上海教育出版社@d1984 | |
| 215 | @a102页@c照片@d19cm | |
| 606 | @a书法@x理论@y中国@x文集 | |
| 690 | @aJ292.1-53@v3 | |
| 701 | 0 | @a沈尹默@Ashen yin mo@4著 |
| 801 | 0 | @aCN@bTSSF@c20060913 |
| 905 | @a10447@dJ292.1-53@e342=2 | |
| 书法论丛/沈尹默著.-2版.-上海:上海教育出版社,1984 |
| 102页:照片;19cm |
| ISBN :CNY0.66 |
| ● |
| 相关链接 |
|
|
|
|
正题名:书法论丛
索取号:J292.1-53/342=2
 
预约/预借
| 序号 | 登录号 | 条形码 | 馆藏地/架位号 | 状态 | 备注 |
| 1 | 0472371 | 204723718 | 密集书库/ [索取号:J292.1-53/342=2] | 在馆 |